[Event "BCF-chT3Sb 1617 (4NCL)"]
[Site "England"]
[Date "2017.02.12"]
[Round "6.62"]
[White "Farkas, Daniel"]
[Black "Blackie, Neville J"]
[Result "1-0"]
[WhiteElo "2108"]
[BlackElo "2103"]
[PlyCount "57"]
[EventDate "2016.11.26"]
[EventType "team-tourn"]
[EventRounds "11"]
[EventCountry "ENG"]
[SourceTitle "EXT 2019"]
[Source "ChessBase"]
[SourceDate "2018.10.10"]
[SourceVersion "1"]
[SourceVersionDate "2018.10.10"]
[SourceQuality "1"]
[WhiteTeam "Fermented Sharks"]
[BlackTeam "Cambridge University II"]
[WhiteTeamCountry "ENG"]
[BlackTeamCountry "ENG"]

1. e4 c5 2. c3 d5 3. exd5 Qxd5 4. d4 Nc6 5. Nf3 Bg4 6. Be2 e6 7. h3 Bh5 8. c4 Qd6 9. d5 Bxf3 10. Bxf3 exd5 11. cxd5 Nd4 12. Nc3 Nf6 13. Be3 Nxf3+ 14. Qxf3 Qb6 15. Qe2 0-0-0 16. Rd1 g5 17. 0-0 Rg8 18. Na4 Qa5 19. Nxc5 Bxc5 20. Bxc5 Nxd5 21. Qc4 Nc7 22. b4 Qb5 23. Qxf7 Rge8 24. Qxh7 b6 25. Bd6 Rd7 26. Qc2 Re2 27. Qc3 Re6 28. Bg3 Rxd1 29. Qxc7# 1-0

[Event "BCF-chT4a 0405 (4NCL)"]
[Site "Telford"]
[Date "2005.02.27"]
[Round "6.5"]
[White "Zhang, Marco"]
[Black "Blackie, Neville J"]
[Result "1/2-1/2"]
[WhiteElo "1845"]
[BlackElo "2020"]
[PlyCount "120"]
[EventDate "2004.11.06"]
[EventType "team"]
[EventRounds "11"]
[EventCountry "ENG"]
[SourceTitle "EXT 2006"]
[Source "ChessBase"]
[SourceDate "2005.11.24"]
[SourceVersion "1"]
[SourceVersionDate "2005.11.24"]
[SourceQuality "1"]
[WhiteTeam "Oxford II"]
[BlackTeam "Slough Sharks IV"]
[WhiteTeamCountry "ENG"]
[BlackTeamCountry "ENG"]

1. e4 c5 2. Nf3 d6 3. d4 cxd4 4. c3 d3 5. Bxd3 g6 6. 0-0 Bg7 7. Bg5 Nf6 8. Qe2 Nc6 9. Nbd2 0-0 10. Rfe1 h6 11. Bh4 a6 12. h3 b5 13. Qe3 Kh7 14. Rac1 Be6 15. Nd4 Nxd4 16. cxd4 Qa5 17. Ra1 Rfc8 18. f4 Qb4 19. Nf3 Bc4 20. Bxf6 Bxf6 21. e5 dxe5 22. dxe5 Bg7 23. Be4 Rab8 24. b3 Be6 25. Nd4 Rc3 26. Nc6 Rxe3 27. Nxb4 Rxe1+ 28. Rxe1 Rb6 29. Rc1 Bf5 30. Bc6 f6 31. Nd5 Rb8 32. Nxe7 fxe5 33. Nxf5 gxf5 34. Bd7 exf4 35. Bxf5+ Kg8 36. Kf2 Rd8 37. Kf3 Be5 38. Rc6 a5 39. Rxh6 Rd2 40. Rh5 Bd6 41. a4 bxa4 42. bxa4 Kg7 43. Be4 Bb4 44. Kxf4 Ra2 45. Bc6 Rc2 46. Bd5 Rd2 47. g4 Rf2+ 48. Kg3 Rf1 49. Kg2 Ra1 50. Bc6 Ra2+ 51. Kf3 Ra3+ 52. Ke4 Bd2 53. Bb5 Re3+ 54. Kd5 Rg3 55. Kc6 Bb4 56. Kb6 Bd2 57. Rd5 Bc3 58. Rd3 Rxd3 59. Bxd3 Kh6 60. h4 Be1 1/2-1/2